[Event "EU-Cup 39th"]
[Site "Vrnjacka Banja"]
[Date "2024.10.24"]
[Round "5.3"]
[White "Graham, David Bruce"]
[Black "Van De Lagemaat, Arend"]
[Result "1-0"]
[WhiteElo "2117"]
[BlackElo "2022"]
[PlyCount "89"]
[EventDate "2024.10.20"]
[EventType "team-swiss"]
[EventRounds "7"]
[EventCountry "SRB"]
[SourceTitle "CB44_2024"]
[Source "Chessbase"]
[SourceDate "2024.10.30"]
[SourceVersion "1"]
[SourceVersionDate "2024.10.30"]
[SourceQuality "1"]
[WhiteTeam "Sussex Martlets"]
[BlackTeam "Paul Keres II"]
[WhiteTeamCountry "ENG"]
[BlackTeamCountry "NED"]

1. e4 c6 2. d4 d5 3. e5 Bf5 4. Nf3 e6 5. Be2 c5 6. Be3 Qb6 7. Nc3 Nc6 8. 0-0 Qxb2 9. Qe1 cxd4 10. Bxd4 Nxd4 11. Nxd4 Bb4 12. Ndb5 Ba5 13. Rb1 Qxc2 14. Rc1 Qb2 15. Na4 Bxe1 16. Nxb2 Ba5 17. Nd6+ Ke7 18. Nxb7 Bb6 19. Na4 Nh6 20. Nxb6 axb6 21. Rc7+ Kf8 22. Nd6 g5 23. g4 Bg6 24. f4 gxf4 25. Rxf4 Kg7 26. a4 Ra5 27. Bb5 Rha8 28. Nc8 Rxb5 29. axb5 Ra5 30. Nd6 Ra3 31. Rc8 Bd3 32. h4 Ra1+ 33. Kh2 Ra2+ 34. Kh3 Rc2 35. Rxc2 Bxc2 36. Nc8 Bd3 37. Rb4 f6 38. exf6+ Kg6 39. Nxb6 Nf7 40. Nd7 Bf1+ 41. Kg3 Nd6 42. b6 Ba6 43. Nc5 Bb7 44. Nxb7 Nxb7 45. g5 1-0

[Event "EU-Cup 39th"]
[Site "Vrnjacka Banja"]
[Date "2024.10.23"]
[Round "4.3"]
[White "Sigurpalsson, Runar"]
[Black "Graham, David Bruce"]
[Result "0-1"]
[WhiteElo "2268"]
[BlackElo "2117"]
[PlyCount "102"]
[EventDate "2024.10.20"]
[EventType "team-swiss"]
[EventRounds "7"]
[EventCountry "SRB"]
[SourceTitle "CB44_2024"]
[Source "Chessbase"]
[SourceDate "2024.10.30"]
[SourceVersion "1"]
[SourceVersionDate "2024.10.30"]
[SourceQuality "1"]
[WhiteTeam "Viking CC"]
[BlackTeam "Sussex Martlets"]
[WhiteTeamCountry "ISL"]
[BlackTeamCountry "ENG"]

1. c4 c6 2. b3 d5 3. Bb2 Bf5 4. Nf3 e6 5. e3 Nf6 6. Be2 h6 7. Ne5 Nbd7 8. Nxd7 Qxd7 9. 0-0 Be7 10. d4 0-0 11. Bd3 Bxd3 12. Qxd3 Rfd8 13. Nd2 Rac8 14. c5 Nh7 15. Nf3 f5 16. Bc3 Bf6 17. a4 g5 18. Ne5 Bxe5 19. dxe5 g4 20. f4 gxf3 21. gxf3 Ng5 22. h4 Nf7 23. Kf2 Qe7 24. Qd4 Kh7 25. Rg1 Rg8 26. b4 Nh8 27. Ke2 Rg7 28. Rxg7+ Qxg7 29. Be1 Nf7 30. f4 Qg4+ 31. Kd3 Rg8 32. b5 Qf3 33. Bd2 Rg2 34. bxc6 bxc6 35. Rb1 Kg6 36. Kc3 h5 37. a5 Nh6 38. a6 Ng4 39. Kb4 Qe2 40. Rb2 Qxa6 41. Kb3 Re2 42. Bc1 Qb5+ 43. Ka2 Rxb2+ 44. Bxb2 Nf2 45. Qd2 Qa4+ 46. Ba3 Qc4+ 47. Ka1 Ne4 48. Qg2+ Kh7 49. Qf3 Qc3+ 50. Ka2 Qc2+ 51. Ka1 Kg6 0-1

[Event "BCF-chT2a 1920 (4NCL)"]
[Site "Daventry"]
[Date "2020.02.29"]
[Round "1.33"]
[White "Graham, David Bruce"]
[Black "Truran, Michael C"]
[Result "1/2-1/2"]
[WhiteElo "2152"]
[BlackElo "2143"]
[PlyCount "80"]
[EventDate "2020.01.11"]
[EventType "team-tourn"]
[EventRounds "11"]
[EventCountry "ENG"]
[SourceTitle "CBM 195 Extra"]
[Source "ChessBase"]
[SourceDate "2020.05.31"]
[SourceVersion "1"]
[SourceVersionDate "2020.05.31"]
[SourceQuality "1"]
[WhiteTeam "Sussex Martlets"]
[BlackTeam "Check Innmates"]
[WhiteTeamCountry "ENG"]
[BlackTeamCountry "ENG"]

1. e4 c5 2. Nf3 Nc6 3. Nc3 a6 4. g3 g6 5. Bg2 Bg7 6. 0-0 d6 7. Re1 e6 8. b3 Nge7 9. Bb2 0-0 10. Na4 b5 11. Bxg7 Kxg7 12. Nb2 e5 13. c3 Bg4 14. h3 Bxf3 15. Qxf3 f5 16. exf5 Rxf5 17. Qe2 Qb6 18. Nd1 Raf8 19. Rf1 R5f7 20. Ne3 Nf5 21. Bd5 Nxe3 22. dxe3 Rf6 23. Rad1 Ne7 24. Be4 Rd8 25. c4 b4 26. Qb2 Kf7 27. Kg2 Ke6 28. Rd2 Nf5 29. Re1 Re8 30. f4 Rff8 31. Bxf5+ Rxf5 32. Rd5 Qc7 33. Red1 exf4 34. Qd2 f3+ 35. Kf2 Rxd5 36. Qxd5+ Kd7 37. Qxf3 Re5 38. Rd5 Rxd5 39. cxd5 Kc8 40. Qd1 Qf7+ 1/2-1/2

[Event "BCF-chT2a 1920 (4NCL)"]
[Site "Daventry"]
[Date "2020.02.08"]
[Round "5.21"]
[White "Graham, David Bruce"]
[Black "Keetman, Maaike"]
[Result "0-1"]
[WhiteElo "2152"]
[BlackElo "2193"]
[PlyCount "100"]
[EventDate "2020.01.11"]
[EventType "team-tourn"]
[EventRounds "11"]
[EventCountry "ENG"]
[SourceTitle "CBM 194 Extra"]
[Source "ChessBase"]
[SourceDate "2020.03.31"]
[SourceVersion "1"]
[SourceVersionDate "2020.03.31"]
[SourceQuality "1"]
[WhiteTeam "Sussex Martlets"]
[BlackTeam "Chessable White Rose II"]
[WhiteTeamCountry "ENG"]
[BlackTeamCountry "ENG"]

1. e4 e6 2. d4 d5 3. Nc3 Nf6 4. Bg5 dxe4 5. Nxe4 Be7 6. Bxf6 gxf6 7. Nf3 f5 8. Nc3 a6 9. g3 b5 10. Bg2 Bb7 11. 0-0 c5 12. dxc5 Bxc5 13. Qxd8+ Kxd8 14. Ne5 Bxg2 15. Kxg2 Ke7 16. Rad1 f6 17. Nd3 Bd6 18. Rfe1 Kf7 19. Ne2 Nc6 20. Ndf4 Rad8 21. c3 Rhe8 22. Nc1 Bxf4 23. gxf4 e5 24. Nd3 e4 25. Nc5 Ne7 26. Nb7 Rg8+ 27. Kf1 Rd5 28. b4 Rb8 29. Nc5 Rb6 30. Nb3 Rbd6 31. Rd4 Ng6 32. Red1 Nxf4 33. Nc5 Rxd4 34. Rxd4 Rxd4 35. cxd4 Ne6 36. Nxa6 Nxd4 37. Nc7 Ke7 38. Kg2 Kd6 39. Ne8+ Ke5 40. Nc7 f4 41. a3 f3+ 42. Kf1 f5 43. Na6 Nc2 44. Nc5 Nxa3 45. Nd7+ Kd4 46. Nf6 f4 47. Nxh7 Ke5 48. Ng5 Kf5 49. Nf7 e3 50. fxe3 fxe3 0-1

[Event "Hastings Masters op 95th"]
[Site "Hastings"]
[Date "2020.01.04"]
[Round "8"]
[White "Graham, David Bruce"]
[Black "Comellas Blanchart, Jordi"]
[Result "1/2-1/2"]
[WhiteElo "2152"]
[BlackElo "2064"]
[PlyCount "122"]
[EventDate "2019.12.28"]
[EventType "swiss"]
[EventRounds "9"]
[EventCountry "ENG"]
[SourceTitle "CBM 194 Extra"]
[Source "ChessBase"]
[SourceDate "2020.03.31"]
[SourceVersion "1"]
[SourceVersionDate "2020.03.31"]
[SourceQuality "1"]

1. e4 c5 2. Nf3 d6 3. d4 cxd4 4. Nxd4 Nf6 5. Nc3 a6 6. Be2 e5 7. Nb3 Be7 8. 0-0 0-0 9. Be3 Be6 10. Nd5 Nbd7 11. f3 Nxd5 12. exd5 Bf5 13. Qd2 Rc8 14. c4 b6 15. c5 Nxc5 16. Nxc5 dxc5 17. Bxa6 Rc7 18. a4 Qa8 19. Bc4 Rd8 20. a5 Ra7 21. Bg5 Bf6 22. Bxf6 gxf6 23. Qh6 Rd6 24. f4 e4 25. Ra3 b5 26. Bxb5 Rxa5 27. Rg3+ Bg6 28. Bc4 f5 29. h4 Qf8 30. Qh5 Qg7 31. Qd1 h5 32. Kh2 Qxb2 33. Qxh5 Ra3 34. Qe2 Qxe2 35. Bxe2 Rxg3 36. Kxg3 Rxd5 37. h5 Bh7 38. Ra1 Rd8 39. Ra7 Rc8 40. Bc4 Kh8 41. Bxf7 Bg8 42. Kf2 c4 43. Bxg8 Kxg8 44. Ke2 c3 45. Kd1 c2+ 46. Kc1 Rc5 47. Re7 Ra5 48. Re5 Ra1+ 49. Kxc2 Ra2+ 50. Kc3 Rxg2 51. Rxf5 Ra2 52. Kd4 Ra4+ 53. Ke3 Kg7 54. Re5 Kh6 55. Rxe4 Ra3+ 56. Kd4 Kxh5 57. Ke5 Kg6 58. Rb4 Ra5+ 59. Ke4 Kf6 60. Rb6+ Kf7 61. f5 Ra1 1/2-1/2

[Event "Hastings Masters op 95th"]
[Site "Hastings"]
[Date "2019.12.29"]
[Round "2"]
[White "Graham, David Bruce"]
[Black "Thorpe, Thomas"]
[Result "1-0"]
[WhiteElo "2152"]
[BlackElo "1924"]
[PlyCount "59"]
[EventDate "2019.12.28"]
[EventType "swiss"]
[EventRounds "9"]
[EventCountry "ENG"]
[SourceTitle "CBM 194 Extra"]
[Source "ChessBase"]
[SourceDate "2020.03.31"]
[SourceVersion "1"]
[SourceVersionDate "2020.03.31"]
[SourceQuality "1"]

1. e4 c5 2. Nf3 Nc6 3. d4 cxd4 4. Nxd4 g6 5. Nc3 Bg7 6. Be3 Nf6 7. Bc4 0-0 8. Bb3 d6 9. f3 Bd7 10. Qd2 Rb8 11. h4 h5 12. Nxc6 bxc6 13. Bxa7 Rb7 14. Be3 Qb8 15. Bh6 Bxh6 16. Qxh6 d5 17. 0-0-0 Rc8 18. Rhe1 e5 19. Qg5 Nh7 20. Qg3 d4 21. Qxg6+ Kh8 22. Qxf7 Bg4 23. Qg6 c5 24. fxg4 c4 25. Rf1 cxb3 26. Rf7 Rxf7 27. Qxf7 bxc2 28. Kxc2 Qb5 29. Qd5 Qe2+ 30. Rd2 1-0